[Event "GER-chT Seniors 21st"]
[Site "Berlin"]
[Date "2012.09.16"]
[Round "7.10"]
[White "Leiber, Bernhard"]
[Black "Walter, Guenter"]
[Result "1-0"]
[WhiteElo "2132"]
[BlackElo "2116"]
[PlyCount "89"]
[EventDate "2012.09.10"]
[EventType "team-swiss"]
[EventRounds "7"]
[EventCountry "GER"]
[SourceTitle "CBM 150 Extra"]
[Source "ChessBase"]
[SourceDate "2012.10.19"]
[SourceVersion "1"]
[SourceVersionDate "2012.10.19"]
[SourceQuality "1"]
[WhiteTeam "Niedersachsen Seniors"]
[BlackTeam "Brandenburg"]
[WhiteTeamCountry "GER"]
[BlackTeamCountry "GER"]

1. Nf3 Nf6 2. g3 d5 3. Bg2 e6 4. d3 c5 5. Nbd2 Nc6 6. e4 Be7 7. 0-0 Qc7 8. Re1 b6 9. c3 Bb7 10. Nf1 h6 11. a3 0-0-0 12. Qa4 g5 13. e5 Nd7 14. d4 Rdg8 15. Be3 c4 16. N1d2 b5 17. Qc2 Nb6 18. Reb1 Kd7 19. b3 Ba6 20. bxc4 bxc4 21. Nf1 Na5 22. N3d2 Qc6 23. a4 Kc7 24. h3 Rb8 25. g4 Nd7 26. Ng3 Rxb1+ 27. Qxb1 Nf8 28. Nh5 Ng6 29. Ra2 Rb8 30. Qc2 Nb3 31. Nf1 Rg8 32. Nfg3 Qb6 33. Ne2 Bb7 34. f4 gxf4 35. Bxf4 Bg5 36. Bg3 Bc6 37. Nef4 Kb7 38. Nf6 Bxf6 39. exf6 Nxd4 40. cxd4 Qxd4+ 41. Qf2 Qxf6 42. Rb2+ Ka8 43. Nxg6 Qxg6 44. Qf4 e5 45. Qxe5 1-0

[Event "GER-chT Seniors 21st"]
[Site "Berlin"]
[Date "2012.09.15"]
[Round "6.2"]
[White "Werner, Clemens"]
[Black "Leiber, Bernhard"]
[Result "0-1"]
[WhiteElo "2260"]
[BlackElo "2132"]
[PlyCount "120"]
[EventDate "2012.09.10"]
[EventType "team-swiss"]
[EventRounds "7"]
[EventCountry "GER"]
[SourceTitle "CBM 150 Extra"]
[Source "ChessBase"]
[SourceDate "2012.10.19"]
[SourceVersion "1"]
[SourceVersionDate "2012.10.19"]
[SourceQuality "1"]
[WhiteTeam "Baden Seniors"]
[BlackTeam "Niedersachsen Seniors"]
[WhiteTeamCountry "GER"]
[BlackTeamCountry "GER"]

1. e4 c5 2. Nf3 Nc6 3. c3 e6 4. d4 d5 5. exd5 exd5 6. Bb5 Bd6 7. 0-0 Nge7 8. dxc5 Bxc5 9. Nbd2 0-0 10. Nb3 Bd6 11. Re1 Bg4 12. Be2 Qd7 13. Be3 Rfe8 14. Bc5 Bc7 15. Nbd4 Ng6 16. Qd2 Nf4 17. Bb5 Nxg2 18. Bxc6 bxc6 19. Ne5 Bxe5 20. Kxg2 Bf3+ 21. Nxf3 Qg4+ 22. Kf1 Qxf3 23. Qe3 Qf5 24. Bd4 f6 25. Kg2 Qg6+ 26. Kh1 Bxh2 27. Qh3 Bf4 28. Re6 Rxe6 29. Qxe6+ Kh8 30. Re1 Qh5+ 31. Kg2 Bd2 32. Re2 Rf8 33. Bxa7 Bf4 34. Bc5 Rb8 35. b3 Be5 36. Re3 Qh2+ 37. Kf1 Qh1+ 38. Ke2 Qh5+ 39. Kf1 Bf4 40. Bd6 Qh1+ 41. Ke2 Qh5+ 42. Kf1 Ra8 43. Rh3 Qd1+ 44. Kg2 Bg5 45. Be7 Qc2 46. Qxc6 Qe4+ 47. Kf1 Rb8 48. Bc5 Qf5 49. Kg2 Bf4 50. Rh1 Qe4+ 51. f3 Qg6+ 52. Kf1 Qb1+ 53. Kg2 Qxa2+ 54. Bf2 Qxb3 55. Re1 h6 56. Re8+ Rxe8 57. Qxe8+ Kh7 58. Qd7 Qc4 59. Qe6 Qd3 60. Bd4 Be5 0-1

[Event "GER-ch Seniors"]
[Site "Dresden"]
[Date "2012.08.17"]
[Round "9"]
[White "Rahls, Peter"]
[Black "Leiber, Bernhard"]
[Result "1/2-1/2"]
[WhiteElo "2254"]
[BlackElo "2197"]
[PlyCount "120"]
[EventDate "2012.08.09"]
[EventType "swiss"]
[EventRounds "9"]
[EventCountry "GER"]
[SourceTitle "EXT 2014"]
[Source "ChessBase"]
[SourceDate "2013.11.20"]
[SourceVersion "1"]
[SourceVersionDate "2013.11.20"]
[SourceQuality "1"]

1. e4 d6 2. d4 Nf6 3. Nc3 Nbd7 4. Nf3 c6 5. e5 Nd5 6. Nxd5 cxd5 7. exd6 e6 8. Bd3 Bxd6 9. 0-0 h6 10. Re1 Nf6 11. Ne5 Qb6 12. a4 Bd7 13. c3 Bc6 14. Re3 Qc7 15. f4 0-0-0 16. Qf3 h5 17. Re2 g6 18. Bd2 h4 19. h3 Nh5 20. Be1 Ng7 21. Bd2 Nf5 22. b4 Be8 23. a5 Ng3 24. Ree1 f5 25. a6 b6 26. Rec1 Ne4 27. Bxe4 dxe4 28. Qe2 g5 29. c4 Bxe5 30. dxe5 Bh5 31. Qf2 g4 32. c5 b5 33. Be3 gxh3 34. gxh3 Rhg8+ 35. Kh2 Rg3 36. Rg1 Rdg8 37. Qd2 Bf3 38. Rxg3 Rxg3 39. Rg1 Rxg1 40. Kxg1 Qg7+ 41. Kf1 Qg3 42. Qf2 Qxh3+ 43. Ke1 Bg4 44. c6 Qh1+ 45. Qf1 Qh2 46. Qxb5 Qh1+ 47. Qf1 Qh2 48. Qb5 Qh1+ 49. Qf1 Qh2 50. Qf2 Qh1+ 51. Kd2 Qd1+ 52. Kc3 Qd3+ 53. Kb2 h3 54. Bxa7 Qxa6 55. Qc5 Qe2+ 56. Ka3 Qd3+ 57. Kb2 Be2 58. Bb6 Qd2+ 59. Ka3 Qd3+ 60. Kb2 Qd2+ 1/2-1/2

[Event "GER-ch Seniors"]
[Site "Dresden"]
[Date "2012.08.16"]
[Round "8"]
[White "Leiber, Bernhard"]
[Black "Knaak, Joachim"]
[Result "1-0"]
[WhiteElo "2197"]
[BlackElo "2190"]
[PlyCount "85"]
[EventDate "2012.08.09"]
[EventType "swiss"]
[EventRounds "9"]
[EventCountry "GER"]
[SourceTitle "EXT 2014"]
[Source "ChessBase"]
[SourceDate "2013.11.20"]
[SourceVersion "1"]
[SourceVersionDate "2013.11.20"]
[SourceQuality "1"]

1. Nf3 Nf6 2. g3 d5 3. Bg2 c6 4. d3 Bg4 5. b3 Nbd7 6. Bb2 e6 7. Nbd2 Bd6 8. h3 Bh5 9. c4 e5 10. Qc2 d4 11. Nh4 Bg6 12. a3 a5 13. 0-0 0-0 14. Rfe1 Bc5 15. Nxg6 hxg6 16. Bc1 Qc7 17. Rb1 Rab8 18. b4 Be7 19. e3 dxe3 20. Rxe3 axb4 21. axb4 c5 22. b5 Nh5 23. Nf3 f5 24. Re2 Rfe8 25. Bb2 Bf6 26. Rbe1 Re7 27. Qd2 Ree8 28. Bc3 Kf8 29. Ng5 f4 30. Ne4 Be7 31. Bf3 fxg3 32. fxg3 Ndf6 33. Ng5 Bd6 34. Bxh5 gxh5 35. Re3 b6 36. Qf2 Qd7 37. Ne4 Qe6 38. Nxd6 Qxd6 39. Bxe5 Rxe5 40. Rxe5 Qxd3 41. Rxh5 Kg8 42. Rh4 g5 43. Rh8+ 1-0

[Event "GER-ch Seniors"]
[Site "Dresden"]
[Date "2012.08.14"]
[Round "6"]
[White "Daeubler, Heinrich"]
[Black "Leiber, Bernhard"]
[Result "0-1"]
[WhiteElo "2144"]
[BlackElo "2197"]
[PlyCount "86"]
[EventDate "2012.08.09"]
[EventType "swiss"]
[EventRounds "9"]
[EventCountry "GER"]
[SourceTitle "EXT 2014"]
[Source "ChessBase"]
[SourceDate "2013.11.20"]
[SourceVersion "1"]
[SourceVersionDate "2013.11.20"]
[SourceQuality "1"]

1. d4 Nf6 2. c4 e6 3. Nf3 b6 4. g3 Bb7 5. Bg2 Be7 6. 0-0 0-0 7. Nc3 Ne4 8. Qc2 Nxc3 9. Qxc3 f5 10. b3 Bf6 11. Bb2 Be4 12. Rfd1 d6 13. Ne1 Bxg2 14. Nxg2 Qe8 15. Qf3 Nc6 16. Nf4 g5 17. Nxe6 Qxe6 18. Qxc6 Qxe2 19. Rab1 Rae8 20. Qxc7 f4 21. Qxd6 Re6 22. Qd5 Kg7 23. Qg2 f3 24. Qf1 Qc2 25. Rdc1 Qf5 26. Re1 Rxe1 27. Rxe1 Qc2 28. Ba3 Rf7 29. Bd6 Bxd4 30. Rd1 Bxf2+ 31. Kh1 Be3 32. Be5+ Kf8 33. Bf4 Qg2+ 34. Qxg2 fxg2+ 35. Kxg2 gxf4 36. Kf3 Ke7 37. Ke4 Ke6 38. h3 Rf5 39. gxf4 Bxf4 40. Rd5 Rf7 41. b4 Bd6 42. a3 Rf4+ 43. Ke3 Rh4 0-1

[Event "GER-ch Seniors"]
[Site "Dresden"]
[Date "2012.08.10"]
[Round "2"]
[White "Koksch, Guenther"]
[Black "Leiber, Bernhard"]
[Result "0-1"]
[WhiteElo "2082"]
[BlackElo "2197"]
[PlyCount "53"]
[EventDate "2012.08.09"]
[EventType "swiss"]
[EventRounds "9"]
[EventCountry "GER"]
[SourceTitle "EXT 2014"]
[Source "ChessBase"]
[SourceDate "2013.11.20"]
[SourceVersion "1"]
[SourceVersionDate "2013.11.20"]
[SourceQuality "1"]

1. d4 Nf6 2. Nc3 d5 3. Bg5 Nbd7 4. f3 h6 5. Bh4 c6 6. e4 e6 7. e5 g5 8. Bf2 Ng8 9. h4 gxh4 10. Bxh4 Qb6 11. Qd2 c5 12. Bf2 a6 13. 0-0-0 Qc6 14. f4 Ne7 15. g4 Rg8 16. Be2 b5 17. Bf3 Bb7 18. Nce2 0-0-0 19. Nc3 f6 20. Nce2 fxe5 21. fxe5 Ng6 22. Qa5 Be7 23. Kb1 Rdf8 24. Rd3 c4 25. Rc3 b4 26. Re3 Bg5 27. Bg2 0-1